Learning Resource and Development

Development of machine for palay germination / (Record no. 11205)

MARC details
000 -LEADER
fixed length control field 01233nam a22003377a 4500
003 - CONTROL NUMBER IDENTIFIER
control field CSPC
005 - DATE AND TIME OF LATEST TRANSACTION
control field 20240628094445.0
008 - FIXED-LENGTH DATA ELEMENTS--GENERAL INFORMATION
fixed length control field 210302t xxu||||| |||| 00| 0 eng d
040 ## - CATALOGING SOURCE
Transcribing agency CSPC
090 ## - LOCALLY ASSIGNED LC-TYPE CALL NUMBER (OCLC); LOCAL CALL NUMBER (RLIN)
Classification number (OCLC) (R) ; Classification number, CALL (RLIN) (NR) UTH BSECE C623d 2020
100 1# - MAIN ENTRY--PERSONAL NAME
Personal name Clorado, Markham R.,
Relator term author.
245 10 - TITLE STATEMENT
Title Development of machine for palay germination /
Statement of responsibility, etc. Markham R. Clorado [and 4 others].
260 ## - PUBLICATION, DISTRIBUTION, ETC.
Place of publication, distribution, etc. Nabua, Camarines Sur :
Name of publisher, distributor, etc. Camarines Sur Polytechnic Colleges
Date of publication, distribution, etc. 2020.
300 ## - PHYSICAL DESCRIPTION
Extent 126 leaves
336 ## - CONTENT TYPE
Source rdacontent
Content type term text
337 ## - MEDIA TYPE
Source rdamedia
Media type term unmediated
338 ## - CARRIER TYPE
Source rdacarrier
Carrier type term volume
502 ## - DISSERTATION NOTE
Dissertation note Undergraduate Thesis (BSECE) - Electronics Engineering.
Name of granting institution Camarines Sur Polytechnic Colleges, 2020.
504 ## - BIBLIOGRAPHY, ETC. NOTE
Bibliography, etc. note Includes bibliographical references.
700 1# - ADDED ENTRY--PERSONAL NAME
Personal name Lumabad, Peterson C.,
Relator term author
700 1# - ADDED ENTRY--PERSONAL NAME
Personal name Norte, May T.,
Relator term author
700 1# - ADDED ENTRY--PERSONAL NAME
Personal name Visaya, Ruzzle Roi D.,
Relator term author
700 1# - ADDED ENTRY--PERSONAL NAME
Personal name Zagada, Hermino Jr T.,
Relator term author
720 ## - ADDED ENTRY--UNCONTROLLED NAME
Name Barbonio, Eugene P.,
Relator term adviser.
720 ## - ADDED ENTRY--UNCONTROLLED NAME
Name Terano, Harold Jan R.,
Relator term panelist, chair
720 ## - ADDED ENTRY--UNCONTROLLED NAME
Name Romulo, Ruel R.,
Relator term panelist.
720 ## - ADDED ENTRY--UNCONTROLLED NAME
Name Oares, Christopher T.,
Relator term panelist.
940 ## - EQUIVALENCE OR CROSS-REFERENCE--UNIFORM TITLE [OBSOLETE] [CAN/MARC only]
Uniform title <a href="Lenie">Lenie</a>
942 ## - ADDED ENTRY ELEMENTS (KOHA)
Source of classification or shelving scheme Dewey Decimal Classification
Koha item type Unpublished Materials
Classification part C623d
Item part BSECE
Call number prefix UTH
Call number suffix 2020
Holdings
Withdrawn status Lost status Source of classification or shelving scheme Damaged status Not for loan Home library Current library Shelving location Date acquired Total Checkouts Full call number Barcode Date last seen Copy number Price effective from Koha item type
    Dewey Decimal Classification     Main Library Main Library Undergraduate Thesis Section 05/12/2023   UTH BSECE C623d 2020 5590UM 05/12/2023 1-1 05/12/2023 Unpublished Materials